|
|
|
|
| LEADER |
00814nam a2200205 i 4500 |
| 001 |
misc74680 |
| 005 |
20240411132003.0 |
| 008 |
240411s2015 hu o 000 hun d |
| 020 |
|
|
|a 978-963-200-646-8
|
| 040 |
|
|
|a SZTE Miscellanea Repozitórium
|b hun
|
| 041 |
|
|
|a hun
|
| 100 |
1 |
|
|a Horváth Iván
|
| 245 |
1 |
0 |
|a Ómagyar szövegemlékek mint textológiai tárgyak
|h [elektronikus dokumentum] /
|c Horváth Iván
|
| 260 |
|
|
|a Országos Széchényi Könyvtár
|b Budapest
|c 2015
|
| 300 |
|
|
|a 139
|c 22 cm
|
| 490 |
0 |
|
|a Információtörténeti műhely
|
| 650 |
|
4 |
|a Bölcsészettudományok
|
| 650 |
|
4 |
|a Nyelvek és irodalom
|
| 695 |
|
|
|a Magyar nyelvemlékek, Szövegkutatás - irodalmi - tanulmányok, Kódex - magyar
|
| 856 |
4 |
0 |
|u http://misc.bibl.u-szeged.hu/74680/1/horvath_ivan_omagyar_szovegemlekek_2015.pdf
|z Dokumentum-elérés
|